Capitals of French Regions - Sudden Death - Statistics

General Stats
  • This quiz has been taken 58 times
  • The average score is 8 of 18
Answers on the Grid
Answers color-coded by a green-red scale on the quiz's grid according to % correct below.
Strasbourg
Nice
Fort-de-France
Ajaccio
Basse-Terre
Orléans
Calais
Lyon
Aix-en-Provence
Mamoudzou
Paris
Vitry-sur-Seine
Bordeaux
Gauleville
Toulouse
Saint-Denis
Colmar
Lille
Dijon
Le Havre
Nantes
Rennes
Saint-Étienne
Boulogne-Billancourt
Basel
Cayenne
Rouen
Villeurbanne
Marseille
Saint-Nazaire
 
Answer Stats
Answer % Correct
Strasbourg
74%
Lyon
67%
Paris
64%
Ajaccio
56%
Bordeaux
51%
Lille
51%
Marseille
51%
Dijon
49%
Nantes
44%
Toulouse
44%
Rouen
41%
Orléans
38%
Rennes
38%
Basse-Terre
33%
Cayenne
31%
Fort-de-France
31%
Saint-Denis
21%
Mamoudzou
18%
No matching quizzes found
Score Distribution
Percent of People with Each Score
Percentile by Number Answered
Your Score History
You have not taken this quiz